Auckland City Trivia - Statistics

General Stats
  • This quiz has been taken 56 times
    9 since last reset
  • The average score is 8 of 17
Answer Stats
Clue Answer % Correct
Two closest countries to Auckland Australia
88%
Country in which Auckland is located New Zealand
88%
Original inhabitants of Auckland {Māori} people
75%
Island on which Auckland is located North Island
75%
Most important Auckland's and its country war museum Auckland War {Memorial} Museum
63%
Bridge that connets both parts of Auckland {Harbour} Bridge
63%
Animal that is symbol of the Auckland Zoo Kiwi
50%
Known vulcanic island that is located near Auckland Rangitoto
50%
Name of Auckland's main sports stadium Eden Park
38%
Gulf on which above is located Hauraki Gulf
38%
Two closest countries to Auckland Vanuatu
38%
Name of the famous theatre in Auckland Civic
25%
Name of the famous volcanic cone in Auckland One Tree Hill
25%
First European settler in Auckland William Hobson
25%
Popular shopping area in Auckland Newmarket
13%
Name that they gave for Auckland Tāmaki Makaurau
13%
District that is known for its night clubs Ponsonby
0%
No matching quizzes found
Score Distribution
Percent of People with Each Score
Percentile by Number Answered
Your Score History
You have not taken this quiz since the last reset